01550nam a2200409 i 450000100060000000300080000600500170001400600190003100700150005000800410006503500230010603500240012903500250015303500210017804000310019905000230023008000080025308200190026124500420028026400520032230000400037433600310041433700330044533800430047850000230052158801240054459001590066865000470082765000510087465000250092565000290095065500270097971000360100679700190104285600620106199900170112323899FlNmELB20241216214126.0m o d | cr cnu||||||||160725s2013 pe o 001 0 spa d a(MiAaPQ)EBC4536052 a(Au-PeEL)EBL4536052 a(CaPaEBR)ebr11216758 a(OCoLC)984794149 aFINmELBbspaerdacFINmELB 4aHC60.U4bM478 2013 a3380 a338.91172422300aMódulo para líderes comunitarios. 1aLima :bComisión de Derechos Humanos,c[2013] a1 recurso en línea (38 páginas) atextobtxt2rdacontent/spa acomputadorabc2rdamedia/spa arecurso en líneabcr2rdacarrier/spa aContiene índice. aDescripción basada en recurso en línea; Título de la página del título en PDF (e-libro, visto July 25, 2016). aRecurso electronico. Santa Fe, Arg. : e-libro, 2016. Disponible via World Wide Web. El acceso puede ser limitado para las bibliotecas afiliadas a e-libro. 0aCommunity developmentxStudy and teaching. 4aDesarrollo comunitarioxEstudio y enseñanza. 0aCommunity activists. 4aActivistas comunitarios. 4aLibros electrónicos.2 aComisión de Derechos Humanos.2 ae-libro, Corp.40uhttps://elibro.net/ereader/politecnicointernacional/30766 c23899d23899